Sports Quiz

Random Sports or NCAA Quiz
Score 0/9 Timer 03:00
0 Plays Today
Conference College % Correct
PAC-12Stanford
88.2%
ACCSyracuse
88.2%
SECAlabama
82.4%
ACCNorth Carolina State
76.5%
AACTulsa
76.5%
Mountain WestNevada
64.7%
C-USANorth Texas
64.7%
AACTulane
64.7%
C-USAMarshall
47.1%
Remove Ads.
Support Sporcle.
Get the best of Sporcle when you Go Orange. This ad-free experience offers more features, more stats, and more fun while also helping to support Sporcle. Thank you for becoming a member.

You're not logged in!

Compare scores with friends on all Sporcle quizzes.
OR
Log In

Sporcle TV

Today on Sporcle TV


Watch our educational content, quiz creation guides, and fun videos on Sporcle TV.

Show Comments

Extras

Top Quizzes Today


Score Distribution

Paid Content

Your Account Isn't Verified!

In order to create a playlist on Sporcle, you need to verify the email address you used during registration. Go to your Sporcle Settings to finish the process.

Report this User

Report this user for behavior that violates our Community Guidelines.

Details: